BUBT Library Online Catalog

Modern Weaving Technology / (Record no. 3950)

000 -LEADER
fixed length control field 00665nam a2200217Ia 4500
003 - CONTROL NUMBER IDENTIFIER
control field BUBTL
008 - FIXED-LENGTH DATA ELEMENTS--GENERAL INFORMATION
fixed length control field 151213s9999 xx 000 0 und d
020 ## - INTERNATIONAL STANDARD BOOK NUMBER
International Standard Book Number 8185733414
082 ## - DEWEY DECIMAL CLASSIFICATION NUMBER
Classification number 677.028242/ Ar676m/ 2020
100 ## - MAIN ENTRY--PERSONAL NAME
Personal name Arora, J.K.
9 (RLIN) 4603
245 ## - TITLE STATEMENT
Title Modern Weaving Technology /
Statement of responsibility, etc. J.K. Arora
250 ## - EDITION STATEMENT
Edition statement 1st Edn.
260 ## - PUBLICATION, DISTRIBUTION, ETC. (IMPRINT)
Place of publication, distribution, etc. Chandigarh, India:
Name of publisher, distributor, etc. Abhishek Publications,
Date of publication, distribution, etc. c2020
300 ## - PHYSICAL DESCRIPTION
Extent 290 p.:
Other physical details ills.;
Dimensions 21 cm.
505 ## - FORMATTED CONTENTS NOTE
Formatted contents note Modern Weaving Technology, Textile, J.K. Arora, Weaving
650 #0 - SUBJECT ADDED ENTRY--TOPICAL TERM
Topical term or geographic name as entry element Textile Engineering
9 (RLIN) 909
650 ## - SUBJECT ADDED ENTRY--TOPICAL TERM
Topical term or geographic name as entry element Textiles
9 (RLIN) 4604
856 ## - ELECTRONIC LOCATION AND ACCESS
Password 0
Logon 0
Link text Download
942 ## - ADDED ENTRY ELEMENTS (KOHA)
Source of classification or shelving scheme
Koha item type Books
Holdings
Withdrawn status Lost status Source of classification or shelving scheme Damaged status Not for loan Collection code Permanent location Current location Shelving location Date acquired Inventory number Total Checkouts Full call number Barcode Date last seen Copy number Price effective from Koha item type Source of acquisition
        Not For Loan Non-fiction Bangladesh University of Business and Technology Library Bangladesh University of Business and Technology Library Textile Engineering Stacks 07/17/2010 7407   677.028242/ Ar676m/ 2020 BUBTL-20037407 02/26/2017 C-1 02/26/2017 Books  
        Not For Loan Non-fiction Bangladesh University of Business and Technology Library Bangladesh University of Business and Technology Library Textile Engineering Stacks 06/27/2022 28639   677.028242/ Ar676m/ 2020 BUBTL-200328639 07/31/2022 C-2 07/31/2022 Books Purchase
          Non-fiction Bangladesh University of Business and Technology Library Bangladesh University of Business and Technology Library Textile Engineering Stacks 06/27/2022 28640   677.028242/ Ar676m/ 2020 BUBTL-200328640 07/31/2022 C-3 07/31/2022 Books Purchase
          Non-fiction Bangladesh University of Business and Technology Library Bangladesh University of Business and Technology Library Textile Engineering Stacks 06/27/2022 28641   677.028242/ Ar676m/ 2020 BUBTL-200328641 07/31/2022 C-3 07/31/2022 Books Purchase
          Non-fiction Bangladesh University of Business and Technology Library Bangladesh University of Business and Technology Library Textile Engineering Stacks 06/27/2022 28642   677.028242/ Ar676m/ 2020 BUBTL-200328642 07/31/2022 C-5 07/31/2022 Books Purchase
          Non-fiction Bangladesh University of Business and Technology Library Bangladesh University of Business and Technology Library Textile Engineering Stacks 06/27/2022 28643   677.028242/ Ar676m/ 2020 BUBTL-200328643 07/31/2022 C-6 07/31/2022 Books Purchase

More Information About Library

Library Hours

  • Open: 9.00 am. to 9.00 pm.
  • Only Sunday: 9.00 am. to 6.00 pm.
  • Closed: Holiday

Contact to the University

Bangladesh University of Business and Technology Library

  • Mirpurl-2, 1216.
  • Phone:
  • Fax:
  • E-Mail: admin.library@bubt.edu.bd

Contact to the Library

Contact Person:

Md. Abdul Hakim Shah
Joint Librarian
PABX No:  113
Cell No: 01816332931
E-mail: official: admin.library@bubt.edu.bd
Personal: hakim.shah@bubt.edu.bd


BUBT Library

Copyright © 2021